000
00296nam a22001337a 4500
008
170904b xxu||||| |||| 00| 0 eng d
020
_a
9781885219398
041
_a
eng
080
_a
070
100
_a
40
101
_a
MED
245
_a
COMMUNICATION AND THE LAW
_c
HOPKINS,W,W
942
_2
udc
_c
BK
999
_c
25973
_d
25973